| 000 | 00901cam a22002771 4500 | ||
|---|---|---|---|
| 001 | 77317 | ||
| 003 | BD-RjUL | ||
| 005 | 20211209082946.0 | ||
| 008 | 200312s1950 enk 000 0 eng | ||
| 035 | _a(BD-RjUL)77542 | ||
| 040 |
_aDLC _cWa _dDLC _beng |
||
| 041 | _aeng | ||
| 082 | 0 | 0 |
_a821.91 _221 _bWIR 1950 |
| 100 | 1 |
_aWilliams, Charles, _d1886-1945. _9240846 |
|
| 245 | 1 | 4 |
_aThe region of the summer stars./ _b[Poems] _cCharles Williams, |
| 260 |
_aLondon : _aNew York, _bOxford University Press, _c1950. |
||
| 300 |
_aviii, 61 p.; _c21 cm. |
||
| 650 | 0 |
_aBritons _xKings and rulers _xPoetry. _964539 |
|
| 650 | 0 |
_aArthurian romances _xAdaptations. _9240847 |
|
| 650 | 0 |
_aKnights and knighthood _xPoetry. _9240848 |
|
| 650 | 0 |
_aFantasy poetry, English. _9240849 |
|
| 906 |
_a7 _bcbc _corignew _du _eocip _f19 _gy-gencatlg |
||
| 942 |
_2ddc _cBK |
||
| 999 |
_c77317 _d77317 |
||